Illuminated manuscripts, (Record no. 15149)
[ view plain ]
| 000 -LEADER | |
|---|---|
| fixed length control field | 00799cam a22002531 4500 |
| 001 - CONTROL NUMBER | |
| control field | 6800443 |
| 005 - DATE AND TIME OF LATEST TRANSACTION | |
| control field | 20170105102911.0 |
| 008 - FIXED-LENGTH DATA ELEMENTS--GENERAL INFORMATION | |
| fixed length control field | 731029s1905 xx 000 0 eng |
| 010 ## - LIBRARY OF CONGRESS CONTROL NUMBER | |
| LC control number | 05036284 |
| 035 ## - SYSTEM CONTROL NUMBER | |
| System control number | (OCoLC)728927 |
| 040 ## - CATALOGING SOURCE | |
| Original cataloging agency | DLC |
| Transcribing agency | ODaU |
| Modifying agency | DLC |
| 042 ## - AUTHENTICATION CODE | |
| Authentication code | premarc |
| 050 00 - LIBRARY OF CONGRESS CALL NUMBER | |
| Classification number | ND2900 |
| Item number | .B8 |
| 100 1# - MAIN ENTRY--PERSONAL NAME | |
| Personal name | Bradley, John William, |
| Dates associated with a name | 1830-1916. |
| 245 10 - TITLE STATEMENT | |
| Title | Illuminated manuscripts, |
| Statement of responsibility, etc. | by John W. Bradley. |
| 260 ## - PUBLICATION, DISTRIBUTION, ETC. | |
| Place of publication, distribution, etc. | London, |
| Name of publisher, distributor, etc. | Methuen |
| Date of publication, distribution, etc. | [1905] |
| 300 ## - PHYSICAL DESCRIPTION | |
| Extent | xiv, 290 p. |
| Other physical details | 21 plates (1 col.) |
| Dimensions | 16 cm. |
| 440 #0 - SERIES STATEMENT/ADDED ENTRY--TITLE | |
| Title | Little books on art |
| 504 ## - BIBLIOGRAPHY, ETC. NOTE | |
| Bibliography, etc. note | "Manuscripts that may be consulted as examples": p. 244-276. |
| 504 ## - BIBLIOGRAPHY, ETC. NOTE | |
| Bibliography, etc. note | Bibliography: p. 277-285. |
| 650 #0 - SUBJECT ADDED ENTRY--TOPICAL TERM | |
| Topical term or geographic name entry element | Illumination of books and manuscripts |
| 906 ## - LOCAL DATA ELEMENT F, LDF (RLIN) | |
| a | 7 |
| b | cbc |
| c | oclcrpl |
| d | u |
| e | ncip |
| f | 19 |
| g | y-gencatlg |
| 942 ## - ADDED ENTRY ELEMENTS (KOHA) | |
| Source of classification or shelving scheme | |
| Koha item type | Book |
| Withdrawn status | Lost status | Damaged status | Not for loan | Collection code | Permanent Location | Current Location | Shelving location | Date acquired | Total Checkouts | Full call number | Barcode | Date last seen | Price effective from | Koha item type |
|---|---|---|---|---|---|---|---|---|---|---|---|---|---|---|
| Centre for International Peace & Stability (CIPS) | Centre for International Peace & Stability (CIPS) | General Stacks | 10/02/2013 | 091 BRA 1996 | CIPS0002380 | 11/07/2013 | 11/07/2013 | Book |
